Co wsypujemy lub wlewamy do pralki? - Statystyki

Ogólne statystyki
  • Ten quiz został rozwiązany 21 razy
  • Średni wynik to 3 z 6
Statystyki odpowiedzi
Odpowiedź % Poprawnych
Proszek do Prania
88%
Płyn do Płukania
76%
Kapsułki
65%
Odplamiacz
18%
Żel do Prania
6%
Odkarmieniacz
0%
Nie znaleziono quizów pasujących do podanych kryteriów
Rozkład punktacji
Procent ludzi z każdym wynikiem
Percentyl według liczby udzielonych odpowiedzi
Twoja historia wyników
Nie rozwiązałeś tego quizu